000 00818cab a2200301 4500
001 ABS48409
008 090401t1993 xxu||||| |||| 00| 0 eng d
035 _a(Sirsi) u66544
041 _aeng
100 _aCollar, N.
245 _aConservation areas
260 _c1993
350 _a0
490 _aProperty Law
_v(2) April 1993, 7-8(2)
520 _aOutlines matters to note in relation to conservation areas in Scotland.
650 _aCONSERVATION AREA CONSENT
650 _aCONSERVATION AREAS
650 _aDEMOLITION
650 _aHISTORIC BUILDINGS
650 _aLISTED BUILDINGS
650 _aPERMITTED DEVELOPMENT ORDER
650 _aPERMITTED DEVELOPMENT RIGHTS
650 _aPLANNING PERMISSION
650 _aSCOTLAND
690 _aCONSERVATION
942 _n0
948 _c04/03/1997
999 _c41573
_d41573